El hombre en el mundo primitivo / (Record no. 80394)

MARC details
000 -LEADER
campo de control de longitud fija 00527nam a2200169 i 4500
001 - NÚMERO DE CONTROL
campo de control 80394
003 - IDENTIFICADOR DE NÚMERO DE CONTROL
campo de control ES-MaACL
005 - FECHA Y HORA DE LA ÚLTIMA TRANSACCIÓN
campo de control 20230906174215.0
007 - CAMPO FIJO DE DESCRIPCIÓN FÍSICA--INFORMACIÓN GENERAL
campo de control de longitud fija t|
008 - DATOS DE LONGITUD FIJA--INFORMACIÓN GENERAL
campo de control de longitud fija 041027s1961 sp ||||1| spa d
100 1# - ENTRADA PRINCIPAL--NOMBRE DE PERSONA
Nombre de persona Hoebel, A. Adamson.
9 (RLIN) 63909
245 13 - MENCIÓN DEL TÍTULO
Título El hombre en el mundo primitivo /
Mención de responsabilidad, etc. por A. Adamson Hoebel ; [traducción por Miguel Fusté].
260 ## - PUBLICACIÓN, DISTRIBUCIÓN, ETC.
Lugar de publicación, distribución, etc. [Barcelona :
Nombre del editor, distribuidor, etc. Omega,
Fecha de publicación, distribución, etc. 1961]
300 ## - DESCRIPCIÓN FÍSICA
Extensión 728 p., 11 lám. :
Otras características físicas il. ;
Dimensiones 23 cm.
700 1# - ENTRADA AGREGADA--NOMBRE PERSONAL
Nombre de persona Fusté Ara, Miguel.
9 (RLIN) 150522
852 ## - LOCALIZACIÓN
Ubicación ES-MaACL
Número de control de estantería F-357
Sublocalización o colección R.48326
Holdings
Estatus retirado Estado de pérdida Estado de daño No para préstamo Biblioteca de origen Biblioteca actual Ubicación en estantería Fecha de adquisición Fuente de adquisición Total de préstamos Signatura topográfica completa Código de barras Visto por última vez Precio de reemplazo Tipo de ítem Koha
        Biblioteca del Ateneo de Madrid Biblioteca del Ateneo de Madrid Depósito 2 17/01/2008     F-357 1084055 23/02/2023 23/02/2023 Libro impreso